| 000 | 00676nam a2200265Ia 4500 | ||
|---|---|---|---|
| 005 | 20260121165908.0 | ||
| 008 | 008 260114s9999 xx 000 0 eng d | ||
| 020 | _a9789401774291 | ||
| 037 | _aEBOOK | ||
| 040 | _aCRL | ||
| 040 | _beng | ||
| 040 | _cCRL | ||
| 041 | _2eng | ||
| 041 | _aeng | ||
| 084 | _qCRL | ||
| 100 |
_aYohannes Haile-Selassie, Denise F. Su _91057353 |
||
| 245 | 4 | _aThe Postcranial Anatomy of Australopithecus afarensis | |
| 260 | _bSpringer | ||
| 260 | _bSpringer | ||
| 260 | _c2016 | ||
| 856 | _uhttps://link.springer.com/openurl?genre=book&isbn=978-94-017-7429-1 | ||
| 942 | _cEBOOK | ||
| 999 |
_c1623082 _d1623082 |
||